| 000 | 00425nam a2200157Ia 4500 | ||
|---|---|---|---|
| 008 | 160316s2002 xxu||||| |||| 00| 0 eng d | ||
| 082 |
_a343.070000 _bFUR |
||
| 100 | _aFurse Mark | ||
| 245 | _aCompetition law of the U K and EC | ||
| 250 | _a3rd | ||
| 260 |
_aOxford _bOxford University Press _c2002 |
||
| 300 |
_a348p _b _c |
||
| 365 | _bRs.1,768 | ||
| 650 | _a1. Competition law - U K - European Countries. | ||
| 700 |
_a _a |
||
| 999 |
_c19812 _d19812 |
||